000 00778cam a22002294a 4500
001 13915680
005 20250225163709.0
008 050330s2006 maua b 001 0 eng
020 _a0072935898 (alk. paper)
020 _a9780072935899
050 0 0 _aHF5415
_b.M378 2006
082 0 0 _a658.8
_222
100 1 _aPerreault, William D.
245 1 0 _aEssentials of marketing :
_ba global-managerial approach /
_cWilliam D. Perreault, Jr., E. Jerome McCarthy.
250 _a10th ed.
260 _aBoston, Mass. :
_bMcGraw-Hill/Irwin,
_cc2006.
300 _axl, 638 p. :
_bcol. ill. ;
_c28 cm. +
_e1 CD-ROM (4 3/4 in.)
440 0 _aMcGraw-Hill/Irwin series in marketing
650 0 _aMarketing.
700 1 _aMcCarthy, E. Jerome
_q(Edmund Jerome)
942 _2lcc
_cBK
_e10th Ed.
_n0
999 _c4349
_d4349